Castillos y murallas de Valladolid / (Record no. 42721)
[ view plain ]
| 000 -LEADER | |
|---|---|
| campo de control de longitud fija | 00948nam a2200229 i 4500 |
| 001 - NÚMERO DE CONTROL | |
| campo de control | 42721 |
| 003 - IDENTIFICADOR DE NÚMERO DE CONTROL | |
| campo de control | ES-MaACL |
| 005 - FECHA Y HORA DE LA ÚLTIMA TRANSACCIÓN | |
| campo de control | 20250624190423.0 |
| 007 - CAMPO FIJO DE DESCRIPCIÓN FÍSICA--INFORMACIÓN GENERAL | |
| campo de control de longitud fija | t| |
| 008 - DATOS DE LONGITUD FIJA--INFORMACIÓN GENERAL | |
| campo de control de longitud fija | 030313s1976 sp ||||1| spa d |
| 245 00 - MENCIÓN DEL TÍTULO | |
| Título | Castillos y murallas de Valladolid / |
| Mención de responsabilidad, etc. | [dibujos de Federico Carrascal Antón ; prólogo, Marqués de Lozoya ; presentación, J. J. Martín González ; selección de textos, J. Manuel Parrilla]. |
| 260 ## - PUBLICACIÓN, DISTRIBUCIÓN, ETC. | |
| Lugar de publicación, distribución, etc. | [Valladolid : |
| Nombre del editor, distribuidor, etc. | Institución Cultural Simancas, |
| Fecha de publicación, distribución, etc. | 1976] |
| 300 ## - DESCRIPCIÓN FÍSICA | |
| Extensión | 97 p. : |
| Otras características físicas | il. ; |
| Dimensiones | 25 cm. |
| 650 #4 - PUNTO DE ACCESO ADICIONAL DE MATERIA--TÉRMINO DE MATERIA | |
| Término de materia o nombre geográfico como elemento de entrada | Murallas- |
| Subdivisión geográfica | Valladolid. |
| 9 (RLIN) | 155664 |
| 650 #4 - PUNTO DE ACCESO ADICIONAL DE MATERIA--TÉRMINO DE MATERIA | |
| Término de materia o nombre geográfico como elemento de entrada | Castillos- |
| Subdivisión geográfica | Valladolid. |
| 9 (RLIN) | 153835 |
| 700 1# - ENTRADA AGREGADA--NOMBRE PERSONAL | |
| Nombre de persona | Carrascal Antón, Federico. |
| 9 (RLIN) | 35519 |
| 700 1# - ENTRADA AGREGADA--NOMBRE PERSONAL | |
| Nombre de persona | Lozoya, Juan de Contreras y López de Ayala, |
| Títulos y otros términos asociados al nombre | Marqués de, |
| Fechas asociadas al nombre | 1893-1978 |
| 9 (RLIN) | 129112 |
| 700 1# - ENTRADA AGREGADA--NOMBRE PERSONAL | |
| Nombre de persona | Martín González, Juan José, |
| Fechas asociadas al nombre | 1923-2009 |
| 9 (RLIN) | 77514 |
| 700 1# - ENTRADA AGREGADA--NOMBRE PERSONAL | |
| Nombre de persona | Parrilla, J. Manuel. |
| 9 (RLIN) | 89263 |
| 852 ## - LOCALIZACIÓN | |
| Ubicación | ES-MaACL |
| Número de control de estantería | A-5964 |
| Sublocalización o colección | R.94767 |
| Estatus retirado | Estado de pérdida | Estado de daño | No para préstamo | Biblioteca de origen | Biblioteca actual | Ubicación en estantería | Fecha de adquisición | Fuente de adquisición | Total de préstamos | Signatura topográfica completa | Código de barras | Visto por última vez | Precio de reemplazo | Tipo de ítem Koha |
|---|---|---|---|---|---|---|---|---|---|---|---|---|---|---|
| Biblioteca del Ateneo de Madrid | Biblioteca del Ateneo de Madrid | Sala Pecera Planta 1 | 17/01/2008 | A-5964 | 1044974 | 23/02/2023 | 23/02/2023 | Libro impreso |
